Seminario interno: definición de lineas de acción en el uso de la madera en viviendas
Enregistré dans:
| Format: | Livre |
|---|---|
| Langue: | espagnol |
| Publié: |
Concepción
Intendencia Regional del Biobio
1985
|
| Sujets: | |
| Tags: |
Ajouter un tag
Pas de tags, Soyez le premier à ajouter un tag!
|
MARC
| LEADER | 00000nam a2200000 a 4500 | ||
|---|---|---|---|
| 001 | UCU9491 | ||
| 003 | CL-VaPUC | ||
| 008 | 960823e19850000CL |||||||||||||||||spa|d | ||
| 082 | 0 | 4 | |a 694 |b SEM |2 21 |
| 245 | 1 | 0 | |a Seminario interno: definición de lineas de acción en el uso de la madera en viviendas |
| 300 | |a 155 p | ||
| 942 | |c BK | ||
| 945 | |d 19960823 00:00:00 |a rleighto | ||
| 260 | |a Concepción |b Intendencia Regional del Biobio |c 1985 | ||
| 650 | 7 | |a CONSTRUCCIONES DE MADERA |2 CL-VaPUC |9 368661 | |
| 650 | 0 | |a Construcción de viviendas |9 266842 | |
| 650 | 0 | |a Madera |9 262357 | |
| 650 | 0 | |a Materiales de construcción |9 260197 | |
| 650 | 0 | |a Propiedades físicas |9 342981 | |
| 650 | 0 | |a Propiedades mecánicas |9 262507 | |
| 583 | |a last modification |c 19960823 00:00:00 |k Rodrigo Vera | ||
| 999 | |c 251222 |d 251220 | ||
| 952 | |0 0 |1 0 |4 0 |6 694_000000000000000_SEM_1985 |7 0 |8 A |9 270244 |a BIBARQ |b BIBARQ |d 2019-11-19 |i 3222500 |l 1 |o 694 SEM 1985 |p 3222500 |r 2025-01-20 |s 2023-10-25 |w 2019-11-19 |y BK |k ARQ | ||